| 000 | 00704nam a2200265Ia 4500 | ||
|---|---|---|---|
| 005 | 20260121170610.0 | ||
| 008 | 008 260114s9999 xx 000 0 eng d | ||
| 020 | _a9783319774671 | ||
| 037 | _aEBOOK | ||
| 040 | _aCRL | ||
| 040 | _beng | ||
| 040 | _cCRL | ||
| 041 | _2eng | ||
| 041 | _aeng | ||
| 084 | _qCRL | ||
| 100 |
_aTatjana Tönsmeyer, Peter Haslinger, Agnes Laba _91065854 |
||
| 245 | 0 | _aCoping with Hunger and Shortage under German Occupation in World War II | |
| 260 | _bSpringer | ||
| 260 | _bSpringer | ||
| 260 | _c2018 | ||
| 856 | _uhttps://link.springer.com/openurl?genre=book&isbn=978-3-319-77467-1 | ||
| 942 | _cEBOOK | ||
| 999 |
_c1631584 _d1631584 |
||